000 00469nam a22001337a 4500
008 150318b xxu||||| |||| 00| 0 eng d
050 _aQA21.S6 1951 V.1
100 _aSmith, D.E.
_916406
245 _aHistory of mathematics
_bgeneral survey of the history of elementary mathematics
_c/by David Eugene Smith
260 _aNew York
_bDover publications
_c1951
300 _a2vol. xxii,596p. ;
_c22cm.
650 _aMathematics
_xHistory
_914019
942 _2lcc
_cMONOGRAPH
999 _c122459
_d122459